MARC

LEADER 00000nam0a2200000 4500
001 182532
005 20231101223710.0
035 |a (RuTPU)RU\TPU\book\197873 
090 |a 182532 
100 |a 20100622d1991 m y0rusy50 ca 
101 0 |a rus  |a eng 
102 |a RU 
105 |a a z 000zy 
200 1 |a Банковская корреспонденция на английском языке  |e учетно-расчетные операции  |f Л. В. Аверьянова 
210 |a Москва  |c Менатеп-информ  |d 1991 
215 |a 96 с.  |c ил. 
225 1 |a Финансы и бизнес 
606 1 |a Английский язык  |x Учебные руководства и пособия  |x Учебные руководства и пособия для высшей школы  |2 stltpush  |3 (RuTPU)RU\TPU\subj\29071  |9 52483 
610 1 |a деловой английский 
610 1 |a банковская переписка 
610 1 |a банковская деятельность 
610 1 |a банковские операции 
610 1 |a упражнения 
700 1 |a Аверьянова  |b Л. В. 
801 1 |a RU  |b 63413507  |c 20100622 
801 2 |a RU  |b 63413507  |c 20221209  |g RCR 
942 |c BK